Countries ending in R - Statistics

General Stats
  • This quiz has been taken 199 times
  • The average score is 5 of 6
Answer Stats
Hint Answer % Correct
South America Ecuador
93%
Asia Qatar
81%
North America El Salvador
78%
Africa Niger
78%
Africa Madagascar
70%
Asia Myanmar
70%
No matching quizzes found
Score Distribution
Percent of People with Each Score
Percentile by Number Answered
Your Score History
You have not taken this quiz